Catalog

Record Details

Catalog Search



Earth bound  Cover Image Book Book

Earth bound / Christine Feehan.

Feehan, Christine, (author.).

Summary:

"After escaping from a cult, Lexi found refuge with her sisters on the farm that more than sustained her body--it nurtured her soul as well. But she never forgot the terror she left behind or the always present fear that the cult would find her again, and claim her. Then her nightmare came true. Lexi was discovered and threatened--only to be suddenly saved by a stranger. He is Gavriil Prakenskii, and he's awestruck by the woman he's rescued. She is destined for him. He can feel it in his soul. But how can Lexi find happiness with a man steeped in secrets and shadows, one intimately acquainted with violence, and whose very love could be the death of them?"-- provided by publisher.

Record details

  • ISBN: 9780515155570
  • ISBN: 0515155578
  • Physical Description: 371 pages ; 18 cm.
  • Edition: Jove mass-market edition.
  • Publisher: New York : Jove Books, ©2015.
Subject: Cults > Fiction.
Sisters > Fiction.
Man-woman relationships > Fiction.
Secrets > Fiction.
Runaways > Fiction.
Genre: Occult fiction.
Paranormal fiction.
Romance fiction.

Available copies

  • 1 of 1 copy available at scottsboropl.

Holds

  • 0 current holds with 1 total copy.
Show Only Available Copies
Location Call Number / Copy Notes Barcode Shelving Location Status Due Date
scottsboropl F Fee 32269001074536 Adult - Fiction Available -

LDR 01968nam a2200409Ii 4500
001148070
003CONS
00520180815151456.0
008141127s2015 nyu 000 f eng d
010 . ‡a 2016659684
020 . ‡a9780515155570 ‡q(paperback)
020 . ‡a0515155578 ‡q(paperback)
035 . ‡a(CPomAG)LMN607859
05014. ‡aPS3606.E36 ‡bE17 2015b
08204. ‡a813.54 ‡223
1001 . ‡aFeehan, Christine, ‡eauthor.
24510. ‡aEarth bound / ‡cChristine Feehan.
250 . ‡aJove mass-market edition.
264 1. ‡aNew York : ‡bJove Books, ‡c©2015.
300 . ‡a371 pages ; ‡c18 cm.
336 . ‡atext ‡btxt ‡2rdacontent
337 . ‡aunmediated ‡bn ‡2rdamedia
338 . ‡avolume ‡bnc ‡2rdacarrier
4901 . ‡aA Sea Haven novel
520 . ‡a"After escaping from a cult, Lexi found refuge with her sisters on the farm that more than sustained her body--it nurtured her soul as well. But she never forgot the terror she left behind or the always present fear that the cult would find her again, and claim her. Then her nightmare came true. Lexi was discovered and threatened--only to be suddenly saved by a stranger. He is Gavriil Prakenskii, and he's awestruck by the woman he's rescued. She is destined for him. He can feel it in his soul. But how can Lexi find happiness with a man steeped in secrets and shadows, one intimately acquainted with violence, and whose very love could be the death of them?"-- ‡cprovided by publisher.
650 0. ‡aCults ‡vFiction.
650 0. ‡aSisters ‡vFiction.
650 0. ‡aMan-woman relationships ‡vFiction.
650 1. ‡aSecrets ‡vFiction.
650 1. ‡aRunaways ‡vFiction.
655 7. ‡aOccult fiction. ‡2gsafd
655 7. ‡aParanormal fiction. ‡2lcgft
655 7. ‡aRomance fiction. ‡2lcgft
8001 . ‡aFeehan, Christine. ‡tSea Haven novel.
914 . ‡aSCP_kt
959 . ‡i32269001074536 ‡lF Fee ‡aAdult - Fiction ‡tFiction ‡g8.00
852 . ‡p32269001074536 ‡jF Fee ‡gAdult - Fiction ‡cFiction ‡y8.00 ‡bSBPL
901 . ‡a148070 ‡bUnknown ‡c148070 ‡tbiblio

Additional Resources